000 01032cam a2200337 i 4500
001 5906
003 FISKH
005 20251202162451.0
008 760916s1976 nyua j 000 0 eng
010 _a 75036470
020 _a0394832426 :
040 _aDLC
_cDLC
_dDLC
_beng
050 _aQB631.P76
082 _a 574.543
100 1 _aProvensen, Alice.
245 1 2 _aA book of seasons /
_cAlice and Martin Provensen.
250 _aFirst Scholastic printing, September 1998
260 _aNew York :
_bScholastic,
_c1982
300 _a32 unnumbered pages :
_bcolor illustrations ;
_c21 cm
490 0 _aA Random House pictureback
505 _aH
520 _aAn easy-to-read description of the continuously changing seasons.
521 8 _a440
_bLexile AD
521 8 _aH
_bRaz-Plus
650 0 _aSeasons
_vJuvenile literature.
650 1 _aSeasons.
700 1 _aProvensen, Martin,
_ejoint author.
906 _a7
_bcbc
_corignew
_du
_eocip
_f19
_gy-gencatlg
942 _2ddc
_cBK
_n0
999 _c5906
_d5906